| 000 | 00417cam a2200181ua 4500 | ||
|---|---|---|---|
| 020 | _c1.00 | ||
| 041 |
_aeng _h |
||
| 082 |
_a512 _bSAR/PR |
||
| 100 | _aSareen, B K . | ||
| 245 |
_aProperties of steam / _cB K Sareen. _hTextual Documents |
||
| 250 |
_a1 / _b. |
||
| 260 |
_aDelhi : _bKhanna publishers , _c1964. |
||
| 300 | _a15 ; . | ||
| 365 | _a1.00 | ||
| 504 | _a | ||
| 942 | _cBK | ||
| 999 |
_c7641 _d7641 |
||